| 000 | 00924nam a2200301 i 4500 | ||
|---|---|---|---|
| 003 | EG-GICUC | ||
| 005 | 20260128141751.0 | ||
| 008 | 260128s1975 fr ||||fr ||| 00| 0 fre d | ||
| 020 | _a2717800107 | ||
| 040 |
_aEG-GICUC _cEG-GICUC _dEG-GICUC _erda _bfre |
||
| 041 | 0 | _afre | |
| 082 | 0 | 4 |
_221 _a341.81 _bBO . N |
| 092 | 0 | 4 | _221 |
| 099 | _aLaw1 12 341.81 BO . N 1975 | ||
| 100 | 1 |
_aBoulanger,Francois _eAuteur |
|
| 245 | 1 | 2 |
_aLes Nationalisations En DroitI nternational Privé Comparé / _cFrancois Boulanger . |
| 264 | 0 |
_aParis : _bEconomica , _c1975 . |
|
| 300 |
_a295 Pages ; _c30 cm. |
||
| 336 |
_atext _2rda content |
||
| 337 |
_aComputer _2rda media |
||
| 338 |
_aOnline Resource _2rda carrier |
||
| 546 | _aTexte en français | ||
| 650 | 0 | 4 | _aDroit international privé |
| 650 | 0 | 4 | _aNationalité |
| 856 | _uhttps://fll.law.cu.edu.eg/fulltext/th/B12-02436.pdf | ||
| 905 | _a59 | ||
| 942 |
_2ddc _cBK _e21 _n0 |
||
| 999 |
_c59955 _d59955 |
||